| 000 | 01821nam a22003257a 4500 | ||
|---|---|---|---|
| 005 | 20140813114507.0 | ||
| 008 | 140527b xxu||||| |||| 00| 0 hin d | ||
| 010 | _aHIN-87563 B-530623-624 G-002617 | ||
| 020 |
_a9788190387415 _c200.00 |
||
| 035 | _aHN-59909 B-530623-624 | ||
| 035 | _aG-002617 | ||
| 037 | _bDPL/Janvani | ||
| 040 |
_adpl _bhn |
||
| 082 | _a181.499 | ||
| 100 | _aराधाकृष्णन् | ||
| 245 |
_aभारत की अन्तर्रात्मा / _cराधाकृष्णन्; विश्वम्भरनाथ त्रिपाठी द्वारा अनुदित |
||
| 246 |
_aBhaarata kii antaraatmaa _bby Radhakrishnan |
||
| 260 |
_aदिल्ली _bशब्द शिल्पी _c2013 |
||
| 270 |
_aई-54, प्रथम तल, मानसरोवर पार्क , शाहदरा _bदिल्ली _e110032 |
||
| 300 |
_a120 पृ. _c21 से.मी (सजिल्द) |
||
| 600 | _aराधाकृष्णन्, एस. (सर्वपल्ली), 1888-1975. | ||
| 600 | _aRadhakrishnan, S. (Sarvepalli), 1888-1975. | ||
| 650 |
_aराष्ट्रपति _xजीवनी _zभारत |
||
| 650 |
_aPresidents _xBiography. _zIndia |
||
| 650 |
_aदार्शनिक _xजीवनी _zभारत |
||
| 650 |
_a Philosophers _xBiography. _zIndia |
||
| 700 | _aत्रिपाठी, विश्वम्भरनाथ | ||
| 942 |
_2ddc _cHN _mराधाकृ _h181.499 |
||
| 999 |
_c84550 _d84550 |
||